000 00561nam a2200193 i 4500
001 79523
003 ES-MaACL
005 20230906174009.0
007 t|
008 041021s1933 sp ||||1| spa d
100 1 _aHerbertson, A. J.
_962665
245 1 0 _aGeografía humana /
_cpor A.J. y D.F. Herbertson ; traducida por Juan Palau Vera.
250 _a7ª ed.
260 _aBarcelona :
_bSeix y Barral,
_c1933.
300 _aXIX, 159 p. ;
_c19 cm.
700 1 _aHerbertson, F. D.
_962666
700 1 _aPalau Vera, Juan.
_988504
852 _aES-MaACL
_jA-4751
999 _c79523
_d79523